zpět

Detail výsledku týmu

Terasy Harfa - Libeň, Praha

Datum a čas kvízu

22 Celkem bodů Celkový počet nahraných bodů na tomto kvízu bez doplňovacích otázek.
2. Pořadí na kvízu Konečné umístění týmu na tomto kvízu.

Zaznamenané odpovědi

# Otázka Odpověď Body Výsledky
1. 15. ledna byl slavnostně otevř... 0
2. Aplikace, jejíž logo vidíte na... 1
3. Ve středu 17. ledna byly oznám... 0
4. Společnost Škoda Auto oznámila... 0
5. Ve 37 letech ukončil kariéru f... 0
6. Abychom se mohli ohřát u ohně,... 0
7. Firework, tedy Ohňostroj, je h... 1
8. Olympijský oheň je jedním ze z... 0
5. Napište název jevu související... 1
5. Ohněm a mečem je román polskéh... 0